Importacao de productos quimicos : capitulo 29, itens genericos, 1985 /
Guardado en:
| Autor Corporativo: | |
|---|---|
| Formato: | Libro |
| Idioma: | Portuguese |
| Publicado: |
[Sâo Paulo] :
ABIQUIM,
1987.
|
| Materias: | |
| Etiquetas: |
Agregar Etiqueta
Sin Etiquetas, Sea el primero en etiquetar este registro!
|
| LEADER | 00749nam a22001815a 4500 | ||
|---|---|---|---|
| 001 | EIQ.libpla001865 | ||
| 008 | 070222s1987####bl############000#0#por#d | ||
| 005 | 20080609184617.0 | ||
| 245 | 1 | 0 | |a Importacao de productos quimicos : |b capitulo 29, itens genericos, 1985 / |c Associaçao Brasileira da Indústria Química e de Produtos Derivados. |
| 260 | |a [Sâo Paulo] : |b ABIQUIM, |c 1987. | ||
| 300 | |a [8], 60 h. ; |c 28 cm. | ||
| 650 | 4 | |a Economía |x Estadísticas. | |
| 650 | 4 | |a Productos químicos |x Importación. | |
| 650 | 4 | |a Chemical agents |x Import. | |
| 650 | 4 | |a Economy |x Statistics. | |
| 040 | |a AR-BbSID |b spa |c AR-BbSID | ||
| 110 | 2 | |a Associaçao Brasileira da Indústria Química e de Produtos Derivados. | |
| 859 | |a AR-BbSID |b BIB. PLAPIQUI |h 661.804 06 |i As 78 |k R |p 3816 | ||
